| 000 | 00000nam##2200000za#4500 |
| 001 | 9.580318 |
| 003 | CaOODSP |
| 005 | 20210624191000 |
| 007 | cr ||||||||||| |
| 008 | 150406|2006||||xxc|||||o f|0| 0 eng|d |
| 022 | |a1488-5379 |
| 040 | |aCaOODSP|beng |
| 043 | |an-cn--- |
| 086 | 1 |aFs97-6/2581E-PDF |
| 110 | 1 |aCanada. |bDepartment of Fisheries and Oceans. |
| 245 | 10|aAssessment of environmental and indirect human health effects of genetically modified aquatic organisms : |h[electronic resource]|bproceedings of the Fisheries and Oceans Canada and Health Canada Experts Meeting, March 30-31, 2004, Vancouver, British Columbia / |cEditor Robert H. Devlin. |
| 260 | |aWest Vancouver - British Columbia : |bFisheries and Oceans Canada |c2006. |
| 300 | |a230p.|bfigs. (some coloured), illus., references |
| 490 | 1 |aCanadian technical report of fisheries and aquatic sciences|x1488-5379|vNo. 2581 |
| 500 | |aFile reproduced from original print. On t. p. : Centre for Aquaculture and Environmental Research, West Vancouver, British Columbia. |
| 546 | |a(Résumé en français) |
| 590 | |a14-14-Supp|b2014-07-24 |
| 720 | 1 |aDevlin, Robert H. |
| 830 | #0|aCanadian technical report of fisheries and aquatic sciences,|x1488-5379|vNo. 2581|w(CaOODSP)9.504449 |
| 856 | 40|ahttp://publications.gc.ca|qPDF|s4160 KB|uhttps://publications.gc.ca/collections/collection_2014/mpo-dfo/Fs97-6-2581-eng.pdf|yNo. 2581 |